|
|
|
|
| LEADER |
00594cam a2200193 7i4500 |
| 001 |
0000026048 |
| 005 |
20110413090000.0 |
| 020 |
0 |
0 |
|a 9789814273893
|
| 090 |
0 |
0 |
|a B 658.155
|b ISH
|
| 100 |
1 |
0 |
|a Ishikawa
|
| 245 |
1 |
0 |
|a Risk and crisis management :
|b 101 cases.
|
| 250 |
0 |
0 |
|a Rev. ed.
|
| 260 |
0 |
0 |
|a Singapore:
|b World Scientific,
|c 2009.
|
| 300 |
# |
# |
|a 277 p.
|
| 650 |
0 |
0 |
|a Emergency management --
|x Case studies
|
| 650 |
0 |
0 |
|a Risk management --
|x Case studies
|
| 650 |
0 |
0 |
|a Crisis management --
|x Case studies
|
| 700 |
1 |
1 |
|a Tsujimoto,
|h Atsushi
|
| 999 |
|
|
|a B000028331
|b Book
|c Book
|e Business Information Centre
|